Statistiken für Stadtgemeinden Österreichs an der Donau

Klicken Sie hier um das Quiz zu spielen!

Allgemein

  • Dieses Quiz wurde 40 mal gespielt
  • Das Durchschnittsergebnis liegt bei 12 aus 22

Antwortstatistiken

EinwohnerStadt% Korrekt
1.897.491Wien
100%
24.876Krems an der Donau
91%
205.726Linz
91%
16.144Tulln an der Donau
85%
5.637Ybbs an der Donau
76%
5.606Melk
73%
6.725Hainburg an der Donau
64%
27.368Klosterneuburg
61%
13.245Korneuburg
61%
18.564Schwechat
61%
12.035Enns
58%
17.010Stockerau
55%
28.795Leonding
52%
848Dürnstein
48%
2.902Grein
42%
3.937Pöchlarn
39%
5.646Fischamend
33%
4.888Steyregg
33%
11.427Groß-Enzersdorf
30%
2.991Marchegg
30%
3.542Mautern an der Donau
27%
6.204Traismauer
24%

Verteilung der Resultate

Perzentil nach korrekt beantworteten Fragen

Anzahl Personen mit jedem Resultat

Ihre Resultats-Entwicklung

Sie haben dieses Quiz noch nicht gespielt